| 000 | 00467nam a2200145Ia 4500 | ||
|---|---|---|---|
| 005 | 20250319154758.0 | ||
| 008 | 231217s9999 xx 000 0 und d | ||
| 020 | _a9788179925454 | ||
| 082 | _a158.1 SEM;1 R | ||
| 100 | _aSemradek, James J. Butler, Michael P. | ||
| 245 | 0 | _aSeven principles for creating your future : pursue your dreams follow your passions live your values | |
| 260 |
_c2007 _bJaico Publishing House _aBangalore |
||
| 300 | _a135 | ||
| 942 | _cAA | ||
| 999 |
_c183761 _d183761 |
||